Guess the 1960s song lyrics #301 - Statistics

General Stats
  • This quiz has been taken 12 times
  • The average score is 112 of 157
Answer Stats
Answer % Correct
a
100%
can
90%
for
90%
I
90%
know
90%
love
90%
me
90%
my
90%
the
90%
to
90%
what
90%
When
90%
when
90%
you
90%
You
90%
All
80%
all
80%
and
80%
do
80%
don't
80%
in
80%
it
80%
of
80%
on
80%
with
80%
your
80%
alone
70%
arms
70%
as
70%
feelin
70%
got
70%
hold
70%
hooked
70%
I'm
70%
just
70%
let
70%
need
70%
That
70%
this
70%
we're
70%
you're
70%
alright
60%
BJ Thomas
60%
can't
60%
cure
60%
everything's
60%
Girl
60%
girl
60%
good
60%
I'll
60%
mind
60%
so
60%
tight
60%
turn
60%
up
60%
another
50%
bad
50%
believin
50%
but
50%
candy
50%
high
50%
keep
50%
Keep
50%
stop
50%
sweet
50%
taste
50%
wine
50%
yeah
50%
are
40%
cup
40%
deep
40%
inside
40%
realize
40%
stay
40%
thirsty
40%
Lips
30%
stays
30%
endure
20%
addicted
10%
hope
0%
No matching quizzes found
Score Distribution
Percent of People with Each Score
Percentile by Number Answered
Your Score History
You have not taken this quiz